Spon's building costs guide for educational premises (Record no. 115755)

MARC details
000 -LEADER
fixed length control field 01311cam a2200373 4500
008 - FIXED-LENGTH DATA ELEMENTS--GENERAL INFORMATION
fixed length control field 040317n1999 000 0 eng u
020 ## - INTERNATIONAL STANDARD BOOK NUMBER
International Standard Book Number 0419233105
035 ## - SYSTEM CONTROL NUMBER
System control number (Sirsi) u159234
041 ## - LANGUAGE CODE
Language code of text/sound track or separate title eng
050 ## - LIBRARY OF CONGRESS CALL NUMBER
Classification number 692.5
-- 18
100 ## - MAIN ENTRY--PERSONAL NAME
Personal name Barnsley, Derek
245 ## - TITLE STATEMENT
Title Spon's building costs guide for educational premises
250 ## - EDITION STATEMENT
Edition statement 2nd ed.
260 ## - PUBLICATION, DISTRIBUTION, ETC.
Place of publication, distribution, etc. London
Name of publisher, distributor, etc. SPON
Date of publication, distribution, etc. 1999
300 ## - PHYSICAL DESCRIPTION
Extent xvii, 280p.
Dimensions 22 x 31cm.
350 ## - PRICE (NR) (BK AM CF MU VM SE) [OBSOLETE]
Price 42.50
505 ## - FORMATTED CONTENTS NOTE
Formatted contents note Cost indices and indicators
505 ## - FORMATTED CONTENTS NOTE
Formatted contents note Planning the cost of educational premises
505 ## - FORMATTED CONTENTS NOTE
Formatted contents note The school village: cost and use of activity areas
505 ## - FORMATTED CONTENTS NOTE
Formatted contents note Management of educational premises
505 ## - FORMATTED CONTENTS NOTE
Formatted contents note Unit rates for measured work
505 ## - FORMATTED CONTENTS NOTE
Formatted contents note The administration of building projects
520 ## - SUMMARY, ETC.
Summary, etc. The latest edition of this essential reference book for planning, building, remodelling, repairing, maintaining and managing a wide range of modern and historic educational buildings.
650 ## - SUBJECT ADDED ENTRY--TOPICAL TERM
Topical term or geographic name entry element EDUCATIONAL BUILDINGS
650 ## - SUBJECT ADDED ENTRY--TOPICAL TERM
Topical term or geographic name entry element SCHOOLS
650 ## - SUBJECT ADDED ENTRY--TOPICAL TERM
Topical term or geographic name entry element SCHOOL BUILDINGS
650 ## - SUBJECT ADDED ENTRY--TOPICAL TERM
Topical term or geographic name entry element UNIVERSITY BUILDINGS
650 ## - SUBJECT ADDED ENTRY--TOPICAL TERM
Topical term or geographic name entry element COLLEGE BUILDINGS
650 ## - SUBJECT ADDED ENTRY--TOPICAL TERM
Topical term or geographic name entry element BUILDING PRICE BOOKS
650 ## - SUBJECT ADDED ENTRY--TOPICAL TERM
Topical term or geographic name entry element BUILT ENVIRONMENT-BUILDING COSTS
651 #4 - SUBJECT ADDED ENTRY--GEOGRAPHIC NAME
Geographic name ENGLAND AND WALES
690 ## - LOCAL SUBJECT ADDED ENTRY--TOPICAL TERM (OCLC, RLIN)
Topical term or geographic name as entry element BUILT ENVIRONMENT-BUILDING COSTS
942 ## - ADDED ENTRY ELEMENTS (KOHA)
Suppress in OPAC 0
Holdings
Withdrawn status Lost status Source of classification or shelving scheme Damaged status Not for loan Home library Current library Shelving location Date acquired Total Checkouts Full call number Barcode Date last seen Copy number Price effective from Koha item type
    Dewey Decimal Classification     London London Basement 21/03/2016   BASEMENT 30058753 06/08/2019 1 06/08/2019 Book